| 000 | 00851nam a22002657a 4500 | ||
|---|---|---|---|
| 003 | DO-SdBNP | ||
| 005 | 20171130095211.0 | ||
| 008 | 171115b 1972 sp ||||| |||| 00| 0 spa d | ||
| 040 |
_aBPMSU _bspa _cBPMSU |
||
| 092 |
_axxxx _bxxxx |
||
| 100 | 1 | _aCharles, J. Mill | |
| 245 | 1 | 0 |
_aAventuras de un submarino atómico / _cCharles J. Mill ; ilustraciones: Francisco Ortega Orozco. |
| 260 |
_aBarcelona : _bBruguera, _c1972. |
||
| 300 |
_a255 p. : _bil. ; _c20 cm. |
||
| 490 | 1 | _aHistorias selección | |
| 490 | 1 | _aHistoria y biografía | |
| 700 | 1 | 2 | _aMarimón, Fernando |
| 700 | 1 | 2 | _a Ortega Orozco, Francisco |
| 700 | 1 | 2 |
_aOrtega Orozco, Francisco, _eil. |
| 830 | 0 | _aHistorias selección | |
| 830 | 0 | _aHistoria y biografía | |
| 942 |
_2ddc _cBK |
||
| 945 | _aInventariado extranjero /2017 BT | ||
| 956 |
_aLOPEREZ _b10 _c20171114 _d0041 |
||
| 999 |
_c12895 _d12895 |
||